[Event "Xtracon Chess Open 2017"]
[Site "Helsingor DEN"]
[Date "2017.07.27"]
[Round "7.143"]
[White "Kyrkjebo, Hanna B."]
[Black "Sorensen, Viggo"]
[Result "1-0"]
[WhiteElo "1923"]
[BlackElo "1680"]
[WhiteFideId "1511599"]
[BlackFideId "1437410"]
[EventDate "2017.07.22"]

1. e4 c5 2. Nf3 Nc6 3. Bb5 d6 4. Bxc6+ bxc6 5. e5 dxe5 6. Nxe5 Qd5 7. Nf3 Qe4+
8. Kf1 Nf6 9. d3 Qf5 10. Nc3 e6 11. h3 h5 12. Qe2 Be7 13. Ne4 Ba6 14. c4 Rd8 15.
b3 O-O 16. Bb2 Rd7 17. Ne5 Rc7 18. Ng3 Qh7 19. Kg1 Rd8 20. Rd1 h4 21. Nf1 Nd7
22. Nf3 Nf8 23. Qe1 Bc8 24. Qa5 Bd6 25. Be5 Rcd7 26. Bxd6 Rxd6 27. Qxa7 Rxd3 28.
Rxd3 Rxd3 29. Ne5 Rd8 30. Qxf7+ Kh8 31. Nxc6 Qd3 32. Qh5+ Nh7 33. Nxd8 Qxd8 34.
Qxc5 Bb7 35. Ne3 Nf6 36. Qe5 Qc8 37. Kh2 Ne4 38. Rf1 Nd2 39. Rd1 Ne4 40. Qh5+
Kg8 41. Qxh4 Qc7+ 42. Kg1 Nf6 43. Qd4 Qc6 44. b4 Ne4 45. b5 1-0

[Event "Xtracon Chess Open 2017"]
[Site "Helsingor DEN"]
[Date "2017.07.27"]
[Round "7.144"]
[White "Christiansen, Torsten Sundgaar"]
[Black "McAndrew, Robert"]
[Result "1/2-1/2"]
[WhiteElo "1718"]
[BlackElo "1909"]
[WhiteFideId "1419714"]
[BlackFideId "2404915"]
[EventDate "2017.07.22"]

1. d4 Nf6 2. e3 d5 3. Bd3 Bg4 4. Nf3 c5 5. c3 e6 6. h3 Bh5 7. Nbd2 Nc6 8. Qb3
Qc7 9. Bb5 Bd6 10. dxc5 Bxc5 11. Nd4 O-O 12. N2f3 a6 13. Bxc6 bxc6 14. Qa4 Rfc8
15. b3 Bg6 16. Ba3 Bb6 17. Rd1 Ne4 18. Ne2 Nc5 19. Bxc5 Bxc5 20. O-O f6 21. Rd2 1/2-1/2

[Event "Xtracon Chess Open 2017"]
[Site "Helsingor DEN"]
[Date "2017.07.27"]
[Round "7.145"]
[White "Skjoldager, Flemming"]
[Black "Kumpen, Jona"]
[Result "1/2-1/2"]
[WhiteElo "1906"]
[BlackElo "1711"]
[WhiteFideId "1406515"]
[BlackFideId "238520"]
[EventDate "2017.07.22"]

1. Nf3 Nf6 2. b3 d5 3. Bb2 Bf5 4. d3 e6 5. c4 c6 6. g3 Nbd7 7. Bg2 Bd6 8. Nbd2
O-O 9. e4 dxe4 10. dxe4 Bxe4 11. Nxe4 Nxe4 12. O-O Bc5 13. Qc2 Nef6 14. Rad1 Qc7
15. Ng5 Ne5 16. Ne4 Nxe4 17. Qxe4 Ng6 18. Qg4 Rad8 19. Qh5 Qb6 20. Qe2 Rxd1 21.
Rxd1 Rd8 22. Rxd8+ Qxd8 23. Be4 1/2-1/2

[Event "Xtracon Chess Open 2017"]
[Site "Helsingor DEN"]
[Date "2017.07.27"]
[Round "7.146"]
[White "Gottschalck, Christian"]
[Black "Stuhlmann, Alexander"]
[Result "0-1"]
[WhiteElo "1705"]
[BlackElo "1895"]
[WhiteFideId "1428357"]
[BlackFideId "12969788"]
[EventDate "2017.07.22"]

1. e4 d6 2. d4 Nf6 3. Bd3 e5 4. c3 Be7 5. Ne2 Nbd7 6. O-O O-O 7. f4 exf4 8. Nxf4
Re8 9. Nd2 Nf8 10. Nf3 Ng6 11. Nxg6 hxg6 12. Ng5 Rf8 13. Qb3 d5 14. e5 Ng4 15.
Nf3 c5 16. Qc2 c4 17. Be2 Bf5 18. Qd2 b5 19. Ng5 Qd7 20. Qd1 a5 21. h3 Nh6 22.
g4 Bxg5 23. Bxg5 Be6 24. Bxh6 gxh6 25. Rf6 Kg7 26. Qf1 Rh8 27. Qf3 h5 28. Rf1
hxg4 29. hxg4 Rh6 30. Kf2 Rah8 31. Ke1 Rh4 32. Rg1 Rh3 33. Qg2 R8h4 34. Kd1 Rh2
35. Qf3 Rxe2 36. Rxg6+ fxg6 37. Qf6+ Kg8 38. Qxh4 Re4 39. Qf6 Bxg4+ 40. Kc1 Qf7
41. Qd8+ Kg7 42. Rh1 Bh5 43. Qxa5 Qf3 44. Qc7+ Kh6 45. Rxh5+ Kxh5 46. Qh7+ Kg5
47. Qe7+ Kf4 48. Qh4+ Qg4 49. Qf2+ Qf3 50. Qh4+ Kf5 51. Qf6+ Kg4 52. Qxg6+ Kh3
53. Qh6+ Rh4 54. Qe6+ Kg2 55. Qg6+ Rg4 56. Qc2+ Qf2 57. Qxf2+ Kxf2 58. b3 Ke3
59. bxc4 bxc4 60. Kb2 Kd3 61. a4 Rg6 62. Ka3 Kxc3 63. a5 Kxd4 0-1

[Event "Xtracon Chess Open 2017"]
[Site "Helsingor DEN"]
[Date "2017.07.27"]
[Round "7.147"]
[White "Sandberg, Martin"]
[Black "Bernstein, Jonas August"]
[Result "1-0"]
[WhiteElo "1893"]
[BlackElo "1665"]
[WhiteFideId "1707159"]
[BlackFideId "1532154"]
[EventDate "2017.07.22"]

1. Nf3 Nf6 2. g3 c5 3. c4 Nc6 4. d4 cxd4 5. Nxd4 g6 6. Bg2 Bg7 7. O-O O-O 8. e3
a6 9. Nc3 Qc7 10. b3 d6 11. Bb2 Bg4 12. Qd2 Bh6 13. f3 Bd7 14. Rac1 Qa5 15. a3
Rfd8 16. b4 Qb6 17. Nd5 Nxd5 18. cxd5 Ne5 19. f4 Ng4 20. h3 Nf6 21. g4 Bg7 22.
g5 Nh5 23. Kh2 Bh8 24. Bf3 Ng7 25. Bg4 e5 26. dxe6 Nxe6 27. Nxe6 Bxe6 28. Bxh8
Kxh8 29. f5 Bd7 30. fxg6 Bxg4 31. Rxf7 Qb5 32. Rxh7+ Kg8 33. hxg4 Qxg5 34. Qd4
Qe5+ 35. Qxe5 dxe5 36. Rxb7 Rd3 37. Rcc7 Rxe3 38. Rg7+ Kh8 39. Rh7+ Kg8 40. Rh3
Re2+ 41. Kg3 Ra2 42. Kh4 Re8 43. Kg5 e4 44. g7 1-0

[Event "Xtracon Chess Open 2017"]
[Site "Helsingor DEN"]
[Date "2017.07.27"]
[Round "7.148"]
[White "Kashwan, Hassan"]
[Black "Sidali, Elias Hulleberg"]
[Result "1-0"]
[WhiteElo "1892"]
[BlackElo "1672"]
[WhiteFideId "137122555"]
[BlackFideId "1530518"]
[EventDate "2017.07.22"]

1. d4 Nf6 2. c4 e6 3. Nc3 Bb4 4. Nf3 O-O 5. Qc2 d5 6. a3 Bxc3+ 7. bxc3 b6 8.
cxd5 Qxd5 9. g3 Bb7 10. Bg2 Qh5 11. Bf4 c5 12. h3 Rc8 13. g4 Qd5 14. Qb2 cxd4
15. cxd4 Nc6 16. O-O Na5 17. Rfd1 Qe4 18. e3 Qc2 19. Qxc2 Rxc2 20. Ne1 Rc3 21.
Bxb7 Nxb7 22. Be5 Nd7 23. Bg3 Nf6 24. Nd3 Rac8 25. Nb4 Na5 26. d5 exd5 27. Be5
Rb3 28. Bxf6 gxf6 29. Nxd5 Kg7 30. Ne7 Rcc3 31. Nf5+ Kg6 32. Rd8 h5 33. Rh8 hxg4
34. Rh6+ Kg5 35. hxg4 Kxg4 36. Rxf6 Kg5 37. Rxf7 Kg6 38. Rf8 Rxa3 39. Re1 Nc4
40. Kh2 Nxe3 41. Rg1+ Ng4+ 42. Rxg4+ Kh5 43. Rg7 Rh3+ 44. Kg2 1-0

[Event "Xtracon Chess Open 2017"]
[Site "Helsingor DEN"]
[Date "2017.07.27"]
[Round "7.149"]
[White "Trost, Edvin"]
[Black "Vestergaard, Jorn"]
[Result "1-0"]
[WhiteElo "1887"]
[BlackElo "1661"]
[WhiteFideId "1729519"]
[BlackFideId "1419480"]
[EventDate "2017.07.22"]

1. e4 d5 2. Nc3 dxe4 3. Nxe4 Bf5 4. Ng3 Bg6 5. h4 h6 6. h5 Bh7 7. d4 e6 8. Nf3
Nf6 9. Bd3 Bxd3 10. Qxd3 c6 11. Bd2 Qb6 12. O-O-O Qa6 13. Qb3 Qb6 14. Qe3 Bd6
15. Nf5 Bf8 16. Rhe1 Nbd7 17. Ne5 Nxe5 18. Qxe5 O-O-O 19. Ba5 Rd5 20. Bxb6 Rxe5
21. dxe5 Nd5 22. Bxa7 exf5 23. Rd4 Kc7 24. c4 Nb4 25. Red1 c5 26. Rd8 Na6 27.
R1d7+ Kc6 28. Rxf7 1-0

[Event "Xtracon Chess Open 2017"]
[Site "Helsingor DEN"]
[Date "2017.07.27"]
[Round "7.150"]
[White "Andersen, Daniel"]
[Black "Jansson, Helge"]
[Result "1-0"]
[WhiteTitle "FM"]
[WhiteElo "1856"]
[BlackElo "1627"]
[WhiteFideId "1402714"]
[BlackFideId "1523198"]
[EventDate "2017.07.22"]

1. c4 c5 2. Nf3 Nc6 3. Nc3 e6 4. e3 d5 5. d4 Nf6 6. a3 a5 7. cxd5 exd5 8. dxc5
Bxc5 9. Nb5 O-O 10. Bd3 Bg4 11. Be2 Re8 12. O-O a4 13. Nfd4 Nxd4 14. Nxd4 Bxe2
15. Nxe2 b5 16. Qd3 Qb6 17. Bd2 b4 18. axb4 Bxb4 19. Bxb4 Qxb4 20. Qc3 Qb7 21.
Ra2 Rec8 22. Qd2 Rc4 23. Nc3 Qc6 24. f3 h6 25. Rfa1 a3 26. Rxa3 Rb8 27. Ra4 Rcb4
28. Rxb4 Rxb4 29. Ne2 Qb7 30. Rb1 Ne8 31. Nd4 Nd6 32. b3 Nc4 33. Qd3 Ne5 34. Qc2
Nc4 35. Qc3 Qb6 36. Rd1 Na5 37. Rc1 Kh7 38. Qd3+ g6 39. Qc3 Kg8 40. Qc8+ Kg7 41.
Qc3 Kg8 42. f4 Kh7 43. h3 Nb7 44. Qc7 Qxc7 45. Rxc7 Rb6 46. Rxf7+ Kg8 47. Rc7
Nd6 48. Rc6 Rxc6 49. Nxc6 Kf7 50. Nd4 Ne4 51. Kf1 Ke7 52. Ke2 Kd6 1-0

[Event "Xtracon Chess Open 2017"]
[Site "Helsingor DEN"]
[Date "2017.07.27"]
[Round "7.151"]
[White "Fossan, Benjamin"]
[Black "Warston, Hakan"]
[Result "1-0"]
[WhiteElo "1855"]
[BlackElo "1623"]
[WhiteFideId "1518100"]
[BlackFideId "1717367"]
[EventDate "2017.07.22"]

1. e4 e6 2. d4 d5 3. Nc3 Nf6 4. e5 Nfd7 5. f4 c5 6. Nf3 Nc6 7. Be3 a6 8. Be2 Be7
9. O-O O-O 10. Qd2 b5 11. Nd1 cxd4 12. Nxd4 Nxd4 13. Bxd4 Bb7 14. Bg4 g6 15. Ne3
Nc5 16. Bf3 Bc8 17. g4 Bd7 18. Qg2 Qe8 19. g5 Kg7 20. Qh3 Rh8 21. Nxd5 Bd8 22.
Qh6+ Kg8 23. Nf6+ Bxf6 24. exf6 1-0

[Event "Xtracon Chess Open 2017"]
[Site "Helsingor DEN"]
[Date "2017.07.27"]
[Round "7.152"]
[White "Hansen, Verner"]
[Black "Damm-Frydenberg, Anders"]
[Result "0-1"]
[WhiteElo "1855"]
[BlackElo "1614"]
[WhiteFideId "1425285"]
[BlackFideId "1462970"]
[EventDate "2017.07.22"]

1. e4 c6 2. d4 d5 3. exd5 cxd5 4. c4 Nf6 5. Bf4 dxc4 6. Bxc4 e6 7. Nf3 Nc6 8.
Nc3 Bd6 9. Ne5 Bxe5 10. dxe5 Qxd1+ 11. Rxd1 Nd7 12. Bb5 Ke7 13. Bxc6 bxc6 14.
O-O h6 15. Rd6 Bb7 16. Rfd1 Rhd8 17. Ne4 Rac8 18. h4 c5 19. Ng3 Bd5 20. Nf5+ Kf8
21. Ne3 Nb6 22. Rxd8+ Rxd8 23. b3 Rc8 24. Rc1 a5 25. Nc4 Nxc4 26. bxc4 Bb7 27.
Be3 Ba6 28. Rc3 a4 29. Ra3 Bxc4 30. Rxa4 Bd5 31. Bd2 Ra8 32. Rxa8+ Bxa8 33. Be3
c4 34. Bd2 h5 35. f4 Kg8 36. Kf2 Kh7 37. a4 Kg6 38. Ke3 Bxg2 39. a5 Kf5 40. a6
Kg4 41. Be1 c3 42. Bxc3 Kxh4 43. Kf2 Bd5 44. Bd2 Kh3 45. a7 Kg4 46. Kg1 Kg3 47.
Be3 h4 48. Bf2+ Kxf4 49. Bxh4 Kxe5 50. Kf2 Kf4 51. Be7 f5 52. Bf8 g5 53. Bd6+
Kg4 54. Bc7 f4 55. Bd6 Kf5 56. Bc5 e5 57. Bd6 0-1

[Event "Xtracon Chess Open 2017"]
[Site "Helsingor DEN"]
[Date "2017.07.27"]
[Round "7.153"]
[White "Madsen, Svend"]
[Black "Stokhaug, Jon Arne"]
[Result "0-1"]
[WhiteElo "1673"]
[BlackElo "1847"]
[WhiteFideId "1419846"]
[BlackFideId "1506781"]
[EventDate "2017.07.22"]

1. e4 c5 2. c3 d5 3. exd5 Qxd5 4. Nf3 Nf6 5. Na3 a6 6. d4 cxd4 7. Qxd4 e6 8. Nc2
Nc6 9. Qxd5 Nxd5 10. Ne3 Nxe3 11. Bxe3 Bd6 12. Rd1 Ke7 13. Bd3 e5 14. h3 Be6 15.
O-O Bxa2 16. Bc2 Bc4 17. Rfe1 f6 18. b3 Be6 19. c4 g6 20. Bd2 Rad8 21. Bc3 Bb4
22. Bxb4+ Nxb4 23. Bb1 Rxd1 24. Rxd1 Rd8 25. Rxd8 Kxd8 26. Nd2 f5 27. f3 Ke7 28.
Kf2 Nc6 29. Ke3 Kd6 30. g4 Kc5 31. f4 e4 32. g5 Kb4 33. Bc2 Kc3 34. Bd1 a5 35.
h4 Kb4 36. h5 Bf7 37. hxg6 hxg6 38. Be2 Kc5 39. Bd1 Nb4 40. Nb1 Na2 41. Nd2 Nc3
42. Nf1 a4 43. bxa4 Nxa4 44. Ng3 Nb2 45. Bb3 Nxc4+ 46. Bxc4 Kxc4 47. Ne2 b5 0-1

[Event "Xtracon Chess Open 2017"]
[Site "Helsingor DEN"]
[Date "2017.07.27"]
[Round "7.154"]
[White "Sather, Lars"]
[Black "Jarve, Edvin"]
[Result "0-1"]
[WhiteElo "1661"]
[BlackElo "1843"]
[WhiteFideId "1501712"]
[BlackFideId "1519824"]
[EventDate "2017.07.22"]

1. e4 e6 2. f4 d5 3. exd5 exd5 4. d4 Nf6 5. Nf3 Bd6 6. Be2 O-O 7. Nc3 c6 8. O-O
Bf5 9. Nh4 Bd7 10. Bd3 Ne4 11. Nf3 Re8 12. Ne5 f6 13. Nxd7 Nxd7 14. Nxe4 dxe4
15. Bc4+ Kh8 16. f5 Qc7 17. Qh5 c5 18. Bf7 Re7 19. d5 Bxh2+ 20. Kh1 Nf8 21. Be6
Nxe6 22. fxe6 Bg3 23. Be3 b6 24. c4 Qe5 25. Qg4 Rf8 26. b4 f5 27. bxc5 Kg8 28.
Qg5 Rf6 29. Rad1 bxc5 30. Bxc5 Rh6+ 31. Kg1 Bh2+ 32. Kf2 Re8 33. Ke2 Rg6 34. Qh5
Rxg2+ 35. Rf2 Rxf2+ 36. Bxf2 g6 37. Qh3 f4 38. Bd4 f3+ 39. Kf1 Qg3 40. Qxg3 Bxg3
41. Be3 h5 42. Bf2 h4 43. Re1 Rb8 44. e7 Kf7 45. Rxe4 Rb1+ 46. Re1 Rxe1+ 47.
Kxe1 Kxe7 48. c5 g5 49. c6 g4 50. Kf1 Bxf2 51. Kxf2 Kd6 52. a3 a6 53. a4 a5 54.
Kg1 g3 55. c7 Kxc7 56. d6+ Kxd6 57. Kf1 f2 0-1

[Event "Xtracon Chess Open 2017"]
[Site "Helsingor DEN"]
[Date "2017.07.27"]
[Round "7.155"]
[White "Hansen, Ib Lynaes"]
[Black "Cuyx, Tomas"]
[Result "1-0"]
[WhiteElo "1839"]
[BlackElo "1495"]
[WhiteFideId "1407511"]
[BlackFideId "244619"]
[EventDate "2017.07.22"]

1. e4 e5 2. Nf3 Nc6 3. Bb5 a6 4. Ba4 Nf6 5. O-O Be7 6. Re1 b5 7. Bb3 O-O 8. c3
Bb7 9. d4 Na5 10. Bc2 exd4 11. cxd4 d6 12. Nbd2 Re8 13. Qe2 Qd7 14. Nf1 c5 15.
d5 Nc4 16. b3 Ne5 17. Nxe5 dxe5 18. Ng3 Rac8 19. Nf5 c4 20. Qf3 Bb4 21. Rd1 cxb3
22. Bxb3 Rc3 23. Rd3 Rec8 24. Bb2 Rxd3 25. Qxd3 Bd6 26. Qg3 g6 27. Nxd6 Qxd6 28.
Bxe5 Qa3 29. f3 Rc1+ 30. Rxc1 Qxc1+ 31. Kf2 Qd2+ 32. Kf1 Qd3+ 33. Ke1 Qe3+ 34.
Kd1 Qd3+ 35. Kc1 Qe3+ 36. Kb1 Nd7 37. Bb2 Qd3+ 38. Bc2 Qf1+ 39. Bc1 Nc5 40. Qc7
Nd3 41. Bxd3 Qxd3+ 42. Qc2 Qxc2+ 43. Kxc2 Kf8 44. Kd3 Ke7 45. Bd2 Bc8 46. Kd4 h5
47. h3 Kd7 48. g4 hxg4 49. hxg4 Ke8 50. Ke5 Bd7 51. Bb4 Bc8 52. Kf6 Bd7 53. Kg5
Bc8 54. f4 f6+ 55. Kxg6 Bxg4 56. Kxf6 Bf3 57. Ke5 Kd7 58. Kd4 Bg2 59. e5 Bh3 60.
e6+ Ke8 61. Ke5 Bg4 62. f5 Bh3 63. f6 Kd8 64. f7 1-0

[Event "Xtracon Chess Open 2017"]
[Site "Helsingor DEN"]
[Date "2017.07.27"]
[Round "7.156"]
[White "Rasmussen, Morten1"]
[Black "Aasen, Fredrik"]
[Result "1-0"]
[WhiteElo "1838"]
[BlackElo "1430"]
[WhiteFideId "1410865"]
[BlackFideId "1539060"]
[EventDate "2017.07.22"]

1. d4 d5 2. c4 c6 3. Nf3 Nf6 4. e3 e6 5. b3 Nbd7 6. Bd3 Bb4+ 7. Nbd2 c5 8. cxd5
Nxd5 9. Bb2 O-O 10. O-O Bxd2 11. Qxd2 b6 12. Rac1 Bb7 13. Rfd1 Nb4 14. Bb1 Bxf3
15. gxf3 Qg5+ 16. Kh1 Nf6 17. dxc5 bxc5 18. Rg1 Qh5 19. Rg3 Kh8 20. Qc3 Nbd5 21.
Qxc5 Qh6 22. e4 Nf4 23. Qe3 N6h5 24. Be5 Nxg3+ 25. fxg3 Rac8 26. Bxf4 Qh3 27.
Kg1 f6 28. Qxa7 e5 29. Be3 Rxc1+ 30. Bxc1 Rd8 31. Bd3 Qc8 32. Qe3 Qc3 33. Be2
Qa5 34. a4 Rc8 35. Bc4 Qd8 36. Qd2 Qb6+ 37. Kf1 Rd8 38. Qe3 Qb4 39. Ke2 Qd6 40.
Bd2 Qe7 41. a5 Qd7 42. g4 h5 43. h3 h4 44. a6 Ra8 45. Qb6 Rd8 46. Bd5 f5 47.
Qxd8+ Qxd8 48. a7 Kh7 49. a8=Q Qb6 50. Qg8+ 1-0

[Event "Xtracon Chess Open 2017"]
[Site "Helsingor DEN"]
[Date "2017.07.27"]
[Round "7.157"]
[White "Shehzad, Kasher"]
[Black "Pankaj, Sindhu"]
[Result "0-1"]
[WhiteElo "1650"]
[BlackElo "1837"]
[WhiteFideId "1521934"]
[BlackFideId "46680357"]
[EventDate "2017.07.22"]

1. e4 e5 2. Nf3 Nc6 3. Bc4 Bc5 4. c3 Nf6 5. d4 exd4 6. cxd4 Bb4+ 7. Bd2 Bxd2+ 8.
Nbxd2 d5 9. exd5 Nxd5 10. O-O O-O 11. a3 Nb6 12. Ba2 Nxd4 13. Nxd4 Qxd4 14. Qc2
Bg4 15. Nb3 Qf4 16. f3 Bf5 17. Qc1 Nd5 18. Qxf4 Nxf4 19. Nd4 Bd3 20. Rfe1 Rad8
21. Nb3 b6 22. Nc1 Ba6 23. g3 Nh3+ 24. Kg2 Ng5 25. Nb3 Rd3 26. f4 Bb7+ 27. Kf2
Nh3+ 28. Kf1 Rf3+ 29. Kg2 Nxf4+ 30. gxf4 Rxb3+ 31. Kg1 Rxb2 32. Bc4 Rg2+ 33. Kf1
Rxh2 34. Rad1 Rh4 35. Bd5 Rxf4+ 36. Kg1 Bxd5 37. Rxd5 Ra4 38. Re3 g6 39. Rd7 c5
40. Kf2 Rc8 41. Ree7 Rxa3 42. Rxf7 Rf8 43. Rxf8+ Kxf8 44. Rxh7 c4 45. Ke2 b5 46.
Kd2 a5 47. Rc7 c3+ 48. Kc2 b4 49. Rb7 Ra2+ 50. Kc1 Rb2 51. Ra7 b3 0-1

[Event "Xtracon Chess Open 2017"]
[Site "Helsingor DEN"]
[Date "2017.07.27"]
[Round "7.158"]
[White "Dishman, Matthew"]
[Black "Lenaerts, Robbe"]
[Result "1-0"]
[WhiteElo "1824"]
[BlackElo "1386"]
[WhiteFideId "438642"]
[BlackFideId "236853"]
[EventDate "2017.07.22"]

1. e4 d5 2. exd5 Nf6 3. d4 Nxd5 4. Nf3 Bf5 5. Be2 e6 6. O-O Bd6 7. a3 O-O 8. c4
Nf4 9. Nc3 Nxe2+ 10. Qxe2 c5 11. Be3 cxd4 12. Nxd4 Bg6 13. Rfd1 Qc7 14. h3 a6
15. b4 Nc6 16. Rac1 Nxd4 17. Bxd4 Rfd8 18. c5 Bf4 19. Be3 Be5 20. Na4 Rxd1+ 21.
Rxd1 Rd8 22. Nb6 Rxd1+ 23. Qxd1 h6 24. a4 Qc6 25. Qb3 Qe4 26. Nc4 Bf6 27. Nd6
Qc2 28. Qxc2 Bxc2 29. Nxb7 Bxa4 30. Bd2 Kf8 31. g4 Ke8 32. Nd6+ Ke7 33. Kf1 Be5
34. Ne4 f6 35. f4 Bc7 36. Kf2 g5 37. fxg5 hxg5 38. Bc3 f5 39. gxf5 exf5 40. Nxg5
Bd7 41. h4 Bf4 42. Kf3 Bc1 43. Ke2 Bb5+ 44. Kf2 f4 45. h5 Be3+ 46. Ke1 Kd7 47.
Bd2 Bd4 48. Bxf4 Bd3 49. Nf3 Bf6 50. Be5 Bd8 51. h6 Kc6 52. Kd2 Bh7 53. Ke3 Kb5
54. Kf4 a5 55. bxa5 Kxc5 56. Bc3 Kb5 57. Ke5 Bxa5 58. Bxa5 Kxa5 59. Kf6 Kb6 60.
Kg7 Bb1 1-0

[Event "Xtracon Chess Open 2017"]
[Site "Helsingor DEN"]
[Date "2017.07.27"]
[Round "7.159"]
[White "Damm, Henrik"]
[Black "Calderon, Paul"]
[Result "0-1"]
[WhiteElo "1506"]
[BlackElo "1814"]
[WhiteFideId "1425013"]
[BlackFideId "2082160"]
[EventDate "2017.07.22"]

1. c4 c5 2. Nc3 Nf6 3. g3 g6 4. Bg2 Nc6 5. Nf3 Bg7 6. O-O O-O 7. d3 e6 8. e4 d5
9. exd5 exd5 10. d4 dxc4 11. dxc5 Qa5 12. Be3 Ng4 13. Bf4 Rd8 14. Bd6 Bf5 15.
Qa4 Bxc3 16. Qxc4 Bf6 17. h3 Nge5 18. Qe2 Nxf3+ 19. Qxf3 Bxb2 20. Rad1 Qxa2 21.
Rd5 Be6 22. Rd2 Qa3 23. Qf4 Bc1 24. Qf6 Bxd2 25. Bxc6 Bc3 26. Qf3 bxc6 27. Qxc6
Rac8 28. Qf3 Rxd6 29. cxd6 Qxd6 30. Rd1 Qc6 0-1

[Event "Xtracon Chess Open 2017"]
[Site "Helsingor DEN"]
[Date "2017.07.27"]
[Round "7.160"]
[White "Easwaralingam, Janith"]
[Black "Naesborg, Jens-Ole"]
[Result "1/2-1/2"]
[WhiteElo "1621"]
[BlackElo "1808"]
[WhiteFideId "1448560"]
[BlackFideId "1443577"]
[EventDate "2017.07.22"]

1. e4 e6 2. d4 d5 3. exd5 exd5 4. Bd3 Nc6 5. c3 Be7 6. Nf3 Bg4 7. h3 Bh5 8. Bf4
Nf6 9. Nbd2 a6 10. Qc2 Bg6 11. Nh4 Nh5 12. Nxg6 hxg6 13. Bh2 Bd6 14. O-O-O Bxh2
15. Rxh2 Qe7 16. Rhh1 O-O-O 17. Rde1 Qg5 18. Qa4 Nb8 19. h4 Qf6 20. Nb3 Nf4 21.
Bf1 Qc6 22. Qxc6 Nxc6 23. g3 1/2-1/2

[Event "Xtracon Chess Open 2017"]
[Site "Helsingor DEN"]
[Date "2017.07.27"]
[Round "7.161"]
[White "Philipsen, William Horup"]
[Black "Von Knobloch, Hanno"]
[Result "1-0"]
[WhiteElo "1977"]
[BlackElo "1356"]
[WhiteFideId "1408470"]
[BlackFideId "12993247"]
[EventDate "2017.07.22"]

1. e4 e5 2. d4 exd4 3. c3 Nc6 4. cxd4 Bb4+ 5. Nc3 Nf6 6. d5 Ne7 7. Bd3 d6 8.
Qa4+ Bd7 9. Qxb4 Ng6 10. Nf3 Qc8 11. Bg5 Ng4 12. O-O O-O 13. Rac1 h6 14. Be3 a5
15. Qd4 c5 16. dxc6 Qxc6 17. Nb5 1-0

[Event "Xtracon Chess Open 2017"]
[Site "Helsingor DEN"]
[Date "2017.07.27"]
[Round "7.162"]
[White "Bering, Anders"]
[Black "Rygg, Andreas Gangstad"]
[Result "1-0"]
[WhiteElo "1940"]
[BlackElo "1633"]
[WhiteFideId "1405810"]
[BlackFideId "1527754"]
[EventDate "2017.07.22"]

1. e4 c5 2. Nf3 g6 3. d4 cxd4 4. Nxd4 Bg7 5. c4 Nc6 6. Be3 Nf6 7. Nc3 Ng4 8.
Qxg4 Nxd4 9. Qd1 Ne6 10. Be2 b6 11. O-O Bb7 12. f3 O-O 13. Qd2 Qc7 14. Nd5 Qd8
15. Rac1 Rc8 16. b4 d6 17. Rfd1 Nc7 18. Nxc7 Qxc7 19. c5 bxc5 20. bxc5 Rfd8 21.
cxd6 Qxd6 22. Rxc8 Bxc8 23. Qc2 Qxd1+ 24. Bxd1 1-0

[Event "Xtracon Chess Open 2017"]
[Site "Helsingor DEN"]
[Date "2017.07.27"]
[Round "7.163"]
[White "Kocur, Marc"]
[Black "Vinter, Christoffer"]
[Result "1/2-1/2"]
[WhiteElo "1934"]
[BlackElo "1633"]
[WhiteFideId "205036"]
[BlackFideId "1449737"]
[EventDate "2017.07.22"]

1. Nf3 Nc6 2. d4 d5 3. e3 Bg4 4. c4 Nf6 5. cxd5 Nxd5 6. Be2 e6 7. a3 Bd6 8. Bd2
O-O 9. Nc3 f5 10. Nxd5 exd5 11. Qb3 Ne7 12. O-O-O c5 13. dxc5 Rc8 14. Kb1 Bxc5
15. h3 Bh5 16. Nd4 Bxe2 17. Nxe2 Rf6 18. Qa2 Rb6 19. Rc1 Qd6 20. b4 a5 21. Nf4
Ra8 22. Qc2 Rc8 23. Qd3 axb4 24. Bxb4 Rbc6 25. Qd2 Bxb4 26. axb4 Ra8 27. Rxc6
bxc6 28. Rc1 Rb8 29. Nd3 Rc8 30. Rc5 Ng6 31. Qc3 f4 32. b5 fxe3 33. fxe3 Rb8 34.
Rxc6 Rxb5+ 35. Kc2 Qg3 36. Rc8+ Nf8 37. Rxf8+ Kxf8 38. Qc8+ Ke7 39. Qc6 Rb8 40.
Qc5+ Qd6 41. Qa7+ Kf8 42. Kd2 Qb6 43. Qa4 Re8 44. Qa3+ Kg8 45. Nf4 d4 46. e4 Rb8
47. Kd3 Qb3+ 48. Qxb3+ Rxb3+ 49. Kxd4 Rg3 50. h4 Rg4 51. Ke3 Kf7 52. h5 h6 53.
Nd5 Rxg2 54. Kf3 Rc2 55. e5 g6 56. hxg6+ Kxg6 57. e6 1/2-1/2

[Event "Xtracon Chess Open 2017"]
[Site "Helsingor DEN"]
[Date "2017.07.27"]
[Round "7.164"]
[White "Lunde, Sigmund"]
[Black "Wallin, Kenneth"]
[Result "1-0"]
[WhiteElo "1932"]
[BlackElo "1633"]
[WhiteFideId "1511351"]
[BlackFideId "1712861"]
[EventDate "2017.07.22"]

1. e4 c5 2. Nc3 a6 3. a4 Nc6 4. Nf3 d6 5. d4 cxd4 6. Nxd4 Nf6 7. Be2 g6 8. O-O
Bg7 9. Be3 O-O 10. h3 e5 11. Nb3 Be6 12. Ra3 b6 13. Bf3 Nb4 14. Qd2 Rc8 15. Rd1
d5 16. exd5 Bf5 17. Na1 e4 18. Be2 Qd6 19. g4 Bd7 20. Bh6 Nbxd5 21. Bxg7 e3 22.
Qxe3 Qxa3 23. Qh6 Qe7 24. Nxd5 Nxd5 25. Rxd5 Bc6 26. Re5 Qd6 27. Rh5 gxh5 28.
Qxd6 1-0

[Event "Xtracon Chess Open 2017"]
[Site "Helsingor DEN"]
[Date "2017.07.27"]
[Round "7.165"]
[White "Hansen, Anders2"]
[Black "Alfven, Jorgen"]
[Result "0-1"]
[WhiteElo "1624"]
[BlackElo "1927"]
[WhiteFideId "1711237"]
[BlackFideId "1715950"]
[EventDate "2017.07.22"]

1. b3 e5 2. Bb2 Nc6 3. e3 d5 4. Bb5 Bd6 5. f4 f6 6. Nh3 Qe7 7. O-O a6 8. Bxc6+
bxc6 9. a4 Nh6 10. fxe5 Bxe5 11. Nc3 Ng4 12. Nf4 g5 13. h3 gxf4 14. hxg4 fxe3
15. d4 Bg3 16. Qf3 Bf2+ 17. Rxf2 exf2+ 18. Kxf2 Be6 19. Ba3 Qf7 20. Re1 Kd7 21.
Ne2 Rae8 22. Nf4 Rhg8 23. Nxe6 Rxe6 24. Qf5 Rg5 0-1

[Event "Xtracon Chess Open 2017"]
[Site "Helsingor DEN"]
[Date "2017.07.27"]
[Round "7.166"]
[White "Westerlund, Ola"]
[Black "Starup, Leo"]
[Result "1-0"]
[WhiteElo "1910"]
[BlackElo "1629"]
[WhiteFideId "1712101"]
[BlackFideId "1422669"]
[EventDate "2017.07.22"]

1. d4 Nf6 2. c4 d5 3. cxd5 Nxd5 4. Nf3 Nc6 5. e4 Nf6 6. d5 Nb8 7. Nc3 e6 8. Bc4
exd5 9. exd5 Be7 10. O-O O-O 11. Qc2 h6 12. h3 c6 13. Rd1 Qc7 14. Qb3 Nbd7 15.
Be3 Bd6 16. Rac1 Qb8 17. a4 a5 18. Nd4 Ne5 19. dxc6 bxc6 20. Be2 Qxb3 21. Nxb3
Bb4 22. Nc5 Bxc5 23. Bxc5 Re8 24. f4 Ned7 25. Bd6 c5 26. Bf3 Ra6 27. Nb5 Ne4 28.
Nc7 Rxd6 29. Nxe8 Rxd1+ 30. Rxd1 Nef6 31. Nxf6+ gxf6 32. Bg4 Nb6 33. Bxc8 Nxc8
34. Rd8+ 1-0